Zemný plyn a jeho postavenie v energetickej bezpečnosti Európskej únie
Diskusia o energetickej bezpečnosti a príprave dlhodobej adaptačnej stratégii v tejto oblasti v Európskej únii. Narastanie geostrategických rizík. Dominantný rozvojový prvok zásobovania energiou v budúcnosti - zemný plyn, jadrová energia, alternatívne zdroje a rýchly rast úspor jej spotreby. Zdroje...
Enregistré dans:
| Auteur principal: | |
|---|---|
| Autres auteurs: | |
| Format: | Chapitre de livre |
| Langue: | slovaque |
| Sujets: | |
| Tags: |
Pas de tags, Soyez le premier à ajouter un tag!
|
MARC
| LEADER | 00000nla$a2200000$$$4500 | ||
|---|---|---|---|
| 001 | 0078966 | ||
| 005 | 20240502071914.4 | ||
| 041 | 0 | |a slo | |
| 044 | |a SK | ||
| 245 | 1 | 0 | |a Zemný plyn a jeho postavenie v energetickej bezpečnosti Európskej únie |c Elena Trenčianska, Peter Baláž |
| 520 | |a Diskusia o energetickej bezpečnosti a príprave dlhodobej adaptačnej stratégii v tejto oblasti v Európskej únii. Narastanie geostrategických rizík. Dominantný rozvojový prvok zásobovania energiou v budúcnosti - zemný plyn, jadrová energia, alternatívne zdroje a rýchly rast úspor jej spotreby. Zdroje zemného plynu v EÚ. Najväčší európski importéri ruského zemného plynu v roku 2004. Preprava zemného plynu do EÚ. Štruktúra budovaných prepravných sietí zemného plynu z kaspického regiónu. Vývoj trhu zemného plynu do roku 2010. | ||
| 610 | 2 | 0 | |a plyn zemný |
| 610 | 2 | 0 | |a bezpečnosť |
| 610 | 2 | 0 | |a energetika |
| 610 | 2 | 0 | |a Európska únia |
| 610 | 2 | 0 | |a trh energetický |
| 100 | 1 | |a Trenčianska, Elena | |
| 700 | 1 | |a Baláž, Peter | |